000 01019nam a22002291a 4500
999 _c18457
_d18457
001 18457
003 OSt
005 20260204212406.0
008 180117s2017||||dr ||||||b||||||||||spa||
090 _aCON 2017 A55
100 1 _aAlmánzar Hernández,Magderlyn
_e sustentante
245 1 _aProcedimientos de liquidación aduaneras a las importandoras de la provincia Sánchez Ramírez/Magderlyn Almánzar Hernández,Geraldine Hernández Faña,Paula Morillo Montero; asesor Jorge Custodio Heredia
260 _aCotuí, República Dominicana :
_bUTECO,
_c2017
264 _aSanto Domingo:El Autor
300 _a55 hojas
502 _aTeTrabajo de grado (Licenciatura en Contabilidad)--Universidad Tecnológica del Cibao Oriental, 2017
504 _aIncluye referencia bibliográfica e índice
650 4 _aProcedimiento de liquidación aduanera--Contabilidad
700 1 _aCustodio Heredia, Jorge
830 _a-> Tesis y disertaciones académicas (Universidad Tecnológica del Cibao Oriental)
942 _2LC
_cTH